Statistiken für Länder, die mit L beginnen

Klicken Sie hier um das Quiz zu spielen!

Allgemein

  • Dieses Quiz wurde 24 mal gespielt
  • Das Durchschnittsergebnis liegt bei 7 aus 9

Antwortstatistiken

Land% Korrekt
Luxemburg
96%
Lettland
88%
Liechtenstein
88%
Litauen
88%
Libyen
83%
Laos
75%
Libanon
71%
Lesotho
67%
Liberia
67%

Verteilung der Resultate

Perzentil nach korrekt beantworteten Fragen

Anzahl Personen mit jedem Resultat

Ihre Resultats-Entwicklung

Sie haben dieses Quiz noch nicht gespielt